Pays de jour jamais contrôlés par le peuple français - Statistiques

Statistiques générales
  • Ce quiz a été pris 34 fois
  • Le résultat moyen est 96 sur 120
Réponses sur la Carte
Les réponses sont colorées sur une échelle allant du rouge au vert en fonction du pourcentage des utilisateurs qui les ont devinées à leur premier essai. Vous pouvez retrouver ces pourcentages ci-dessous.
 
Statistiques - réponses
Pays % Correct
Canada
96%
États-Unis
96%
Mexique
96%
Allemagne
93%
Andorre
93%
Espagne
93%
France
93%
Irlande
93%
Italie
93%
Portugal
93%
Royaume-Uni
93%
Argentine
89%
Biélorussie
89%
Chili
89%
Égypte
89%
Estonie
89%
Grèce
89%
Guatemala
89%
Haïti
89%
Laos
89%
Lituanie
89%
Monaco
89%
Norvège
89%
Pérou
89%
Saint-Marin
89%
Suède
89%
Turquie
89%
Vatican
89%
Albanie
86%
Algérie
86%
Autriche
86%
Belgique
86%
Bosnie-Herzégovine
86%
Cambodge
86%
Chine
86%
Colombie
86%
Croatie
86%
Cuba
86%
Inde
86%
Lettonie
86%
Liechtenstein
86%
Luxembourg
86%
Madagascar
86%
Maroc
86%
Panama
86%
Paraguay
86%
Pays-Bas
86%
Roumanie
86%
Suisse
86%
Tunisie
86%
Ukraine
86%
Uruguay
86%
Venezuela
86%
Viêt Nam
86%
Bolivie
82%
Côte d'Ivoire
82%
Israël
82%
Philippines
82%
Pologne
82%
République Dominicaine
82%
République Tchèque
82%
Russie
82%
Slovaquie
82%
Slovénie
82%
Suriname
82%
Brésil
79%
Cameroun
79%
Équateur
79%
Guinée
79%
Guyana
79%
Hongrie
79%
Liban
79%
Libye
79%
Mali
79%
République du Congo
79%
Sénégal
79%
Syrie
79%
Tchad
79%
Togo
79%
Australie
75%
Bénin
75%
Chypre
75%
Costa Rica
75%
Dominique
75%
Honduras
75%
Macédoine du Nord
75%
Mauritanie
75%
Moldavie
75%
Nicaragua
75%
Niger
75%
Salvador
75%
Taïwan
75%
Thaïlande
75%
Bulgarie
71%
Comores
71%
Djibouti
71%
Guinée Équatoriale
71%
Jordanie
71%
Malte
71%
Maurice
71%
République Centrafricaine
71%
Serbie
71%
Sri Lanka
71%
Yémen
71%
Bangladesh
68%
Burkina Faso
68%
Gabon
68%
Gambie
68%
Kenya
68%
Kosovo
68%
Nigeria
68%
Sainte-Lucie
64%
Seychelles
64%
Grenade
61%
Saint-Christophe- et-Niévès
61%
Saint-Vincent-et-les-Grenadines
61%
Antigua-et-Barbuda
57%
Sao Tomé-et-Principe
57%
Trinité-et-Tobago
57%
Vanuatu
57%
Aucun quiz correspondant
Distribution des résultats
% des personnes avec chaque résultat
Percentile par nombre de réponses
Votre historique - résultats
Vous n’avez pas pris ce quiz